| 000 | 01693nam a2200397 c 4500 | ||
|---|---|---|---|
| 003 | BLK | ||
| 005 | 20240703123131.0 | ||
| 008 | 180408b bul|||||r ||||||| ||bul|| | ||
| 010 | _aKNG00080847000 | ||
| 020 |
_a978-954-739-671-4 _bиздат.: Захарий Стоянов |
||
| 040 | _aBLK | ||
| 041 |
_aBUL _cBUL |
||
| 080 |
_aСоциално поведение. Социална психология _b316.6 _x _z316.6 |
||
| 080 |
_aСоциална етика _b172 _x _z172 |
||
| 100 | 1 |
_aФром, Ерих _eпърви автор _9135079 |
|
| 700 | 1 |
_aГанев, Владимир _eпрев. от англ. _9365635 |
|
| 139 |
_aФром, Ерих _bФ 86 |
||
| 245 | 1 | 0 |
_aБягство от свободата _cЕрих Фром; прев. от англ. Владимир Ганев. |
| 250 | _a3. изд. | ||
| 257 | _aDEU | ||
| 260 |
_аСофия _bЗахарий Стоянов _c2005 _fСофия : Образование и наука |
||
| 300 |
_a304 с. _c20 см |
||
| 380 | _a3 | ||
| 490 | 1 | _aПоредица Философия и човек | |
| 500 | _a1. изд. 1992 на изд. Христо Ботев. - Ориг. загл. Escape from Freedom / Erich Fromm. - Офс. изд. - Библиогр. под линия. | ||
| 650 | 4 |
_aСоциална психология _9243161 |
|
| 650 | 4 |
_aЛичност и общество - етични проблеми _9245198 |
|
| 653 | _aсоциална психология | ||
| 653 | _aетика | ||
| 852 | _aЦб 237997 | ||
| 856 | 4 |
_qpdf _u |
|
| 856 | 4 |
_qpdf _u |
|
| 942 |
_cKNG _n0 _013 |
||
| 944 |
_aCR _c28.01.2008 _k30530 _lМинев Младен |
||
| 944 |
_aED _c13.01.2012 _k |
||
| 999 |
_c76416 _d76416 |
||